| 000 | 01569cam a2200241 4500 | ||
|---|---|---|---|
| 001 | 2083 | ||
| 005 | 20230404125807.0 | ||
| 008 | 060907s1989 nyu eng | ||
| 020 | _a0306803666 | ||
| 035 | _9funglode2091 | ||
| 041 | _aeng | ||
| 050 | 1 | 4 |
_a002 E 208 _bA358h 1989 |
| 082 | 0 | 0 | _a973.3 |
| 100 | 1 |
_aAlden, John Richard, _d1908- |
|
| 245 | 1 | 2 |
_aA history of the American Revolution / _cJohn R. Alden |
| 260 |
_aNew York : _bDa Capo Press, _c1989 |
||
| 300 | _aix, 560 p. | ||
| 440 | _aDa Capo paperback | ||
| 520 | _aThe american colonies, 3. -- Britain in the years 1763, 17. -- A casual empire, 32. -- A new british policy, 45. -- A breach in the empire, 59. -- Britain retreats, 73. -- The second challenge from britain, 84. -- The townshend crisis, 95. -- A decade of westward advance, 111. -- The tea troubles, 125. -- Rebelion, 125. -- Britian prepares for canada, 194. -- Britain prepares for war, 211. -- The ceclatration of independence, 226. -- The opposing forces, 245. -- From brooklyn to princeton, 262. -- The fall of philadelphia, 284. -- Saratoga, 309. -- The american federacy, 328. -- Social reform, 348. -- France intervenes, 370. -- Deadlock in the north, 389. -- British triumhs in the south, 408. -- The western front, 423. -- The war at home, 443. -- The end of the war, 477. -- The peace of paris, 477. -- The fate of the loyalists, 493. -- The forginf of the american union, 507 | ||
| 651 | 0 |
_aUnited States _xHistory _yRevolution, 1775-1783. |
|
| 651 | 4 |
_aEstados Unidos _xHistoria _yRevolución, 1775-1783 |
|
| 942 |
_2lcc _cbk |
||
| 999 |
_c4846 _d4846 |
||